000 00681cam a2200241 4500500
005 20260405003101.0
041 _afre
042 _adc
100 1 0 _aPortevin, Catherine
_eauthor
245 0 0 _aLe ravissement de Darwin. Le langage des plantes
260 _c2020.
500 _a15
690 _aDarwin
690 _aÉrotisme
690 _aEspèces
690 _aInsectes
690 _aMélange
690 _aPlante
690 _aSéduction
690 _aVégétal
786 0 _nPhilosophie magazine | 140 | 7 | 2020-07-01 | p. 54-54 | 1951-1787
856 4 1 _uhttps://shs.cairn.info/magazine-philosophie-magazine-2020-7-page-54?lang=fr&redirect-ssocas=7080
999 _c2064272
_d2064272